El principe y el mendigo / (Registro nro. 11111)
[ vista simple ]
| 000 -LIDER | |
|---|---|
| fixed length control field | 00770nam a22002657a 4500 |
| 001 - NÚMERO DE CONTROL | |
| Identificador de número de control | 001001 |
| 003 - IDENTIFICACDOR DE NÚMERO DE CONTROL | |
| control field | DO-SdBNP |
| 005 - DATE AND TIME OF LATEST TRANSACTION | |
| control field | 20251112122013.0 |
| 007 - CAMPOS FIJOS DE DESCRIPCIÓN FÍSICA | |
| fixed length control field | 001001 |
| 008 - ELEMENTOS DE LONGITUD FIJA | |
| fixed length control field | 160808b 2004 sp 00| 0 spa d |
| 020 ## - ISBN | |
| International Standard Book Number | 8496246426 |
| 040 ## - FUENTE DE CATALOGACIÓN | |
| Agencia que crea de manera original el registro | BPMSU |
| Idioma de catalogación | spa |
| Agencia que realiza la transcripción | BPMSU |
| 082 #4 - NÚMERO DE CLASIFICACIÓN DECIMAL DE DEWEY | |
| Classification number | 813.4 |
| Item number | T969p 2004 |
| Edition number | 22 |
| 100 1# - ASIENTO PRINCIPAL -- NOMBRE PERSONAL | |
| Nombre personal | Twain, Mark |
| Fechas asociadas con el nombre | 1835-1910. |
| 245 13 - MENCIÓN DE TITULO | |
| Título | El principe y el mendigo / |
| Mención de responsabilidad | Mark Twain ; traducción Amaro Lázaro Ros |
| 260 ## - PUBLICACIÓN, DISTRIBUCIÓN, ETC. (PIE DE IMPRENTA) | |
| Lugar de publicación, distribución, etc | Madrid : |
| Nombre del editor, distribuidor, etc. | Diario El País, |
| Fecha de publicación, distribución, etc | 2004. |
| 300 ## - DESCRIPCIÓN FÍSICA | |
| Extensión | 281 p. : |
| Dimensiones | 20 cm. |
| 490 0# - MENCIÓN DE SERIES | |
| Mención de serie | El País ; |
| -- | Aventuras, |
| Volume/sequential designation | 33 |
| 590 ## - NOTA LOCAL | |
| Enlace | Inventariado, 2022/VM |
| 650 #4 - ENCABEZAMIENTO DE MATERIA--TEMÁTICO | |
| Término temático o nombre geográfico como elemento de entrada | Novela estadounidenses. |
| 650 #4 - ENCABEZAMIENTO DE MATERIA--TEMÁTICO | |
| Término temático o nombre geográfico como elemento de entrada | Reyes y soberanos |
| Subdivisión de forma | Novela |
| 700 1# - ASIENTO SECUNDARIO -- NOMBRE PERSONAL | |
| Nombre personal | Lázaro Ros, Amando, |
| Mención de responsabilidad | tr. |
| 910 ## - VALIDACIÓN | |
| Validación | BTAVÁREZ/VMateo V. /Validado |
| 942 ## - ADDED ENTRY ELEMENTS (KOHA) | |
| Source of classification or shelving scheme | Dewey Decimal Classification |
| Koha item type | Libros |
| Withdrawn status | Lost status | Source of classification or shelving scheme | Damaged status | Not for loan | Collection code | Home library | Current library | Date acquired | Source of acquisition | Full call number | Barcode | Date last seen | Price effective from | Koha item type |
|---|---|---|---|---|---|---|---|---|---|---|---|---|---|---|
| Dewey Decimal Classification | Colección Infantil General | Biblioteca Pública Metropolitana Salomé Ureña | Biblioteca Pública Metropolitana Salomé Ureña | 08/08/2016 | FUNDI | BPMSU CGI 813.4 T969p 2004 | BPMSU16080084 | 08/08/2016 | 08/08/2016 | Libros |